The gathering storm

The Gathering Storm, 1948, by Winston S. Churchill. Part of his Second World War series (all others in the series are listed seperarately). Red hardcover book with black title blocks, 784 pages, published by Houghton Mifflin Company.

Sparad:
Bibliografiska uppgifter
Huvudupphovsman: Churchill, Winston S.
Materialtyp: Bok
Språk:Undetermined
Publicerad: Boston Houghton Mifflin Company 1948
Ämnen:
Taggar: Lägg till en tagg
Inga taggar, Lägg till första taggen!
Thư viện lưu trữ: Trung tâm Học liệu Trường Đại học Cần Thơ
LEADER 00784nam a2200205Ia 4500
001 CTU_108882
008 210402s9999 xx 000 0 und d
082 |a 940.5 
082 |b C563 
100 |a Churchill, Winston S. 
245 4 |a The gathering storm 
245 0 |c Winston S. Churchill 
260 |a Boston 
260 |b Houghton Mifflin Company 
260 |c 1948 
520 |a The Gathering Storm, 1948, by Winston S. Churchill. Part of his Second World War series (all others in the series are listed seperarately). Red hardcover book with black title blocks, 784 pages, published by Houghton Mifflin Company. 
650 |a World war, 1939-1945,World war, 1939-1945 
650 |z Great britain 
904 |i Giang 
980 |a Trung tâm Học liệu Trường Đại học Cần Thơ